• 首页
  • 本馆介绍
  • 公告通知
  • 最新文献
  • 馆藏检索
  • 电子资源
  • 读者导购
  • 参考咨询
  • 我的图书馆
  • 登录
  • 详细信息显示
  • 放入我的书架
  • 预约/预借图书
  • 作者相关作品
  • 分类相关作品
  • 丛书相关作品
  • 出版社相关作品

书目信息

  • 表格格式
  • 工作单格式
  • 卡片格式
题名:
总裁公众演讲
    
 
作者: 徐丹尼 著
分册:  
出版信息: 北京   中国财富出版社  2015.7
页数: 170页
开本: 24cm
丛书名:
单 册:
中图分类: F272.91
科图分类:
主题词: 企业领导--Qi Ye Ling Dao--演讲--语言艺术 , 演讲--Yan Jiang , 语言艺术--Yu Yan Yi Shu
电子资源:
ISBN: 978-7-5047-5807-1
000 00808nam0 22002531 450
001 0121113207
005 20161122091922.42
010    @a978-7-5047-5807-1@dCNY32.00
100    @a20151125d2015 em y0chiy0110 ea
101 0  @achi
102    @aCN@b110000
105    @ay z 000yy
106    @ar
200 1  @a总裁公众演讲@AZong Cai Gong Zhong Yan Jiang@f徐丹尼著
210    @a北京@c中国财富出版社@d2015.7
215    @a170页@d24cm
330    @a本书从语言艺术、肢体语言、演讲主题、演讲细节、演讲稿的撰写等多个方面出发,详细地阐述了公众演讲的要点。
606 0  @a企业领导@AQi Ye Ling Dao@x演讲@x语言艺术
606 0  @a演讲@AYan Jiang
606 0  @a语言艺术@AYu Yan Yi Shu
690    @aF272.91@v5
701  0 @a徐丹尼@AXu Dan Ni@4著
801  0 @aCN@bTANGWEI@c20161118
905    @b0899760-4@dF272.91@e1327@f5
    
    总裁公众演讲/徐丹尼著.-北京:中国财富出版社,2015.7
    170页;24cm
    
    
    ISBN 978-7-5047-5807-1:CNY32.00
    本书从语言艺术、肢体语言、演讲主题、演讲细节、演讲稿的撰写等多个方面出发,详细地阐述了公众演讲的要点。
●
相关链接 在E读中查询图书 在五车中查询图书 在当当中查询图书 在豆瓣中查询图书


正题名:总裁公众演讲     索取号:F272.91/1327         预约/预借

序号 登录号 条形码 馆藏地/架位号 状态 备注
1 0899760   208997601   第一样本阅览室/ [索取号:F272.91/1327] 在馆    
2 0899761   208997610   第一借阅区/ [索取号:F272.91/1327] 在馆    
3 0899762   208997629   第一借阅区/ [索取号:F272.91/1327] 在馆    
4 0899763   208997638   第一借阅区/ [索取号:F272.91/1327] 在馆    
5 0899764   208997647   第一借阅区/ [索取号:F272.91/1327] 在馆    
唐山师范学院图书馆 欢迎您!
大连网信软件有限公司© 版权所有